000 00694nam a22002177a 4500
005 20251004062519.0
008 151103b xxu||||| |||| 00| 0 eng d
020 _a971-0412-67-9
082 _aDFil 155.4
_bAn613
100 _9221
_aAnonat, Rosa Dematera
_cEd.D.
245 _aChild and adolescent development/
_cRosa Dematera Anonat
250 _aRevised edition
260 _aMandaluyong City:
_bBooks Atbp. Publishing Corp.;
_cc2014.
300 _axii, 254 pages;
_c25 cm.
500 _aIncludes bibliographical references.
650 0 _9222
_aChild psychology
650 0 _aAdolescent development.
_9224
650 0 _9223
_aChild development
365 _b560.00
_cPHP.
942 _2ddc
_cDFIL
999 _c160
_d160